000
00346 a2200157 4500
001
195332
020
_a
978-85-418-1005-0
040
_c
Magnum
100
_a
Albergaria, Lino de
240
1
0
_a
Álbum de família
_l
por
245
1
0
_a
Álbum de família
300
_a
60
362
0
_a
2015
697
_a
LITERATURA INFANTO-JUVENIL
942
_c
BK
999
_c
195332
_d
195332